[Event "chess.com Speed 2021"]
[Site "chess.com INT"]
[Date "2021.12.02"]
[Round "2.28"]
[White "Nihal, Sarin"]
[Black "Rapport, Richard"]
[Result "1/2-1/2"]
[WhiteTitle "GM"]
[BlackTitle "GM"]
[WhiteElo "2650"]
[BlackElo "2763"]
[WhiteFideId "25092340"]
[BlackFideId "738590"]
[EventDate "2021.11.08"]
[EventType "k.o."]

1. e4 e6 2. d4 d5 3. Nd2 Be7 4. Ngf3 Nf6 5. Bd3 c5 6. dxc5 dxe4 7. Nxe4 Nxe4 8.
Bxe4 Qxd1+ 9. Kxd1 Bxc5 10. Ke2 Nd7 11. Rd1 Ke7 12. Be3 Bxe3 13. Kxe3 Nc5 14.
Nd4 Nxe4 15. Kxe4 Bd7 16. Rd2 Rhc8 17. Rad1 Be8 18. c3 Rc5 19. Ke3 Re5+ 20. Kf3
Rc8 21. a3 f6 22. Re2 Rxe2 23. Kxe2 Bd7 24. f4 Rc5 25. Rd2 g5 26. fxg5 Rxg5 27.
Kf2 Rd5 28. Nf3 Rf5 29. Ke3 Bc6 30. Nd4 Re5+ 31. Kf2 Bd5 32. g3 Rh5 33. Ke3 a6
34. a4 Re5+ 35. Kf2 Rh5 36. Ke3 Rg5 37. b3 Re5+ 38. Kf2 Rh5 39. Ke3 Re5+ 40. Kf2
Be4 41. Re2 Kd6 42. Nf3 Bxf3 43. Rxe5 Kxe5 44. Kxf3 h5 45. g4 h4 46. h3 Kd5 47.
Ke3 Ke5 48. a5 Kd5 49. Kd3 Ke5 50. Ke3 Kd5 51. Kd3 Ke5 52. Ke3 1/2-1/2

[Event "chess.com Speed 2021"]
[Site "chess.com INT"]
[Date "2021.12.02"]
[Round "2.29"]
[White "Rapport, Richard"]
[Black "Nihal, Sarin"]
[Result "0-1"]
[WhiteTitle "GM"]
[BlackTitle "GM"]
[WhiteElo "2763"]
[BlackElo "2650"]
[WhiteFideId "738590"]
[BlackFideId "25092340"]
[EventDate "2021.11.08"]
[EventType "k.o."]

1. e4 e5 2. f4 d5 3. exd5 e4 4. Qe2 Nf6 5. d3 Bg4 6. Nf3 Qxd5 7. h3 Bxf3 8. gxf3
e3 9. Bxe3 Nc6 10. Nc3 Qh5 11. O-O-O O-O-O 12. Rg1 h6 13. Kb1 Kb8 14. d4 Bb4 15.
Ne4 Nd5 16. Rxg7 Rhe8 17. Bc1 a6 18. Ng3 Qh4 19. Qc4 Qf6 20. Rg4 Nb6 21. Qb3
Rxd4 22. Bd3 Na5 23. Ne4 Qe7 24. c3 Nxb3 25. axb3 Rxd3 26. Rxd3 f5 27. cxb4 fxg4
28. hxg4 Rd8 0-1

[Event "chess.com Speed 2021"]
[Site "chess.com INT"]
[Date "2021.12.02"]
[Round "2.31"]
[White "Nihal, Sarin"]
[Black "Rapport, Richard"]
[Result "1/2-1/2"]
[WhiteTitle "GM"]
[BlackTitle "GM"]
[WhiteElo "2650"]
[BlackElo "2763"]
[WhiteFideId "25092340"]
[BlackFideId "738590"]
[EventDate "2021.11.08"]
[EventType "k.o."]

1. Nf3 Nf6 2. g3 g6 3. Bg2 Bg7 4. O-O O-O 5. d4 c5 6. c3 Qc7 7. Nbd2 d5 8. b3
cxd4 9. cxd4 Nc6 10. Bb2 Bf5 11. e3 Bd3 12. Re1 Ne4 13. Nxe4 Bxe4 14. Nd2 Bxg2
15. Kxg2 Rac8 16. a3 Qd7 17. Nf3 Rc7 18. Qd3 Rfc8 19. Rac1 e6 20. h4 h5 21. Rc2
Na5 22. Rec1 Rxc2 23. Rxc2 Rxc2 24. Qxc2 Nc6 25. Ne1 Qd8 26. Nd3 Bf8 27. b4 a6
28. Qc3 Ne7 29. Qc2 Nf5 30. Ne5 Bh6 31. Bc1 Bg7 32. Nd3 Nd6 33. a4 Nc4 34. b5
axb5 35. axb5 Qd7 36. Qa4 Qc8 37. Ba3 b6 38. Qa6 Qe8 39. Bb4 Bf6 40. Nf4 Kg7 41.
Qb7 Bd8 42. Qc8 Kh7 43. e4 Qh8 44. Qd7 Qg7 45. Qxd8 Qxd4 46. Qd7 Qxe4+ 47. Kh2
Ne5 48. Qc7 Nf3+ 49. Kh3 Ne5 50. Kh2 Ng4+ 51. Kg1 Ne5 52. Kh2 1/2-1/2

[Event "chess.com Speed 2021"]
[Site "chess.com INT"]
[Date "2021.12.02"]
[Round "2.32"]
[White "Rapport, Richard"]
[Black "Nihal, Sarin"]
[Result "0-1"]
[WhiteTitle "GM"]
[BlackTitle "GM"]
[WhiteElo "2763"]
[BlackElo "2650"]
[WhiteFideId "738590"]
[BlackFideId "25092340"]
[EventDate "2021.11.08"]
[EventType "k.o."]

1. e4 e5 2. Nc3 Nc6 3. Nf3 Nf6 4. Bb5 Nd4 5. Ba4 Bc5 6. O-O O-O 7. Nxe5 d6 8.
Nd3 Bg4 9. Qe1 Bb6 10. Kh1 Re8 11. f3 Bd7 12. Bb3 a5 13. Ne2 Nxe2 14. Qxe2 a4
15. Bxf7+ Kxf7 16. Nf2 Kg8 17. d3 Qe7 18. Be3 Bxe3 19. Qxe3 d5 20. a3 dxe4 21.
dxe4 Bc6 22. Nd3 Rad8 23. Rfd1 Qf7 24. Qc5 h6 25. Nb4 Rxd1+ 26. Rxd1 Bxe4 27.
fxe4 Nxe4 28. Qd5 Nf2+ 29. Kg1 Nxd1 30. Qxd1 Qf6 31. Nd3 Qd4+ 32. Kh1 Qe3 33. h3
Qe2 34. Qb1 Rf8 35. Qa2+ Kh8 36. Qc4 c6 37. Qc5 Re8 38. Kh2 Qe4 39. Kh1 Kh7 40.
Qb6 Re7 41. Qc5 Rf7 42. Kg1 Rf5 43. Qb6 Rb5 44. Qf2 Rf5 45. Qb6 Rf7 46. Qc5 b5
47. Kh1 Qc4 48. Qe5 Qxc2 49. Qe4+ Kg8 50. Qe8+ Rf8 51. Qe6+ Kh7 52. Qe4+ Kh8 53.
Kh2 Rd8 0-1

[Event "chess.com Speed 2021"]
[Site "chess.com INT"]
[Date "2021.12.02"]
[Round "2.33"]
[White "Nihal, Sarin"]
[Black "Rapport, Richard"]
[Result "1/2-1/2"]
[WhiteTitle "GM"]
[BlackTitle "GM"]
[WhiteElo "2650"]
[BlackElo "2763"]
[WhiteFideId "25092340"]
[BlackFideId "738590"]
[EventDate "2021.11.08"]
[EventType "k.o."]

1. Nf3 d5 2. g3 Nf6 3. Bg2 g6 4. O-O Bg7 5. d4 c6 6. c3 O-O 7. Re1 Bf5 8. Nh4 e6
9. Nd2 Nbd7 10. f3 h5 11. e4 dxe4 12. fxe4 Bg4 13. Qb3 e5 14. Nhf3 exd4 15. cxd4
Re8 16. Ng5 Be6 17. Nxe6 Rxe6 18. e5 Nd5 19. Ne4 Qb6 20. Qxb6 N7xb6 21. Bg5 Bf8
22. b3 Ree8 23. Bh3 Be7 24. Bd2 Rad8 25. Rad1 Kg7 26. Kg2 Nc7 27. Bc1 Ne6 28.
Bb2 Nd5 29. Nc3 Bb4 30. Nxd5 Rxd5 31. Rf1 Ba5 32. Rf6 Bd8 33. Bxe6 Rxe6 34. Rxe6
fxe6 35. Kf3 Ra5 36. a4 b5 37. Bc3 Ra6 38. axb5 cxb5 39. d5 exd5 40. Rxd5 Be7
41. e6+ Kf8 42. Rxb5 Rxe6 43. Bd4 a6 44. Rb6 Rxb6 45. Bxb6 Kf7 46. Ke4 Ke6 47.
h3 Bd6 48. g4 hxg4 49. hxg4 Be7 50. Bd4 Bd6 51. Be3 Be7 52. Bd4 Bd6 53. Be3 Be7
54. Bd4 1/2-1/2

[Event "chess.com Speed 2021"]
[Site "chess.com INT"]
[Date "2021.12.02"]
[Round "2.34"]
[White "Rapport, Richard"]
[Black "Nihal, Sarin"]
[Result "0-1"]
[WhiteTitle "GM"]
[BlackTitle "GM"]
[WhiteElo "2763"]
[BlackElo "2650"]
[WhiteFideId "738590"]
[BlackFideId "25092340"]
[EventDate "2021.11.08"]
[EventType "k.o."]

1. e4 e5 2. f4 d5 3. exd5 e4 4. d3 Nf6 5. dxe4 Nxe4 6. Be3 Bd6 7. Nd2 Nf6 8.
Bb5+ c6 9. dxc6 bxc6 10. Bd3 O-O 11. Qf3 Re8 12. Ne2 Bg4 13. Qg3 h5 14. O-O Nbd7
15. Nc4 Bc5 16. Nc3 Rxe3 17. Nxe3 Qb6 18. Rae1 Re8 19. Na4 Rxe3 20. Rxe3 Bxe3+
21. Kh1 Qd4 22. b3 Nd5 23. h3 Bxf4 24. Qh4 g5 25. Qe1 Be6 26. Qd1 Qh8 27. Qf3
Ne5 28. Qe4 Nxd3 29. Qxd3 Qe5 30. Nc5 Bf5 31. Qa6 Ne3 0-1

[Event "chess.com Speed 2021"]
[Site "chess.com INT"]
[Date "2021.12.02"]
[Round "2.35"]
[White "Nihal, Sarin"]
[Black "Rapport, Richard"]
[Result "1-0"]
[WhiteTitle "GM"]
[BlackTitle "GM"]
[WhiteElo "2650"]
[BlackElo "2763"]
[WhiteFideId "25092340"]
[BlackFideId "738590"]
[EventDate "2021.11.08"]
[EventType "k.o."]

1. Nf3 Nf6 2. g3 c6 3. Bg2 d5 4. O-O Bg4 5. c4 e6 6. d3 dxc4 7. dxc4 Qxd1 8.
Rxd1 Nbd7 9. Nc3 O-O-O 10. h3 Bxf3 11. Bxf3 Bb4 12. Be3 Ne5 13. Bxa7 Nxc4 14.
Na4 b5 15. Nb6+ Nxb6 16. Bxb6 Rxd1+ 17. Rxd1 Nd5 18. Bd4 Rg8 19. Rc1 Kb7 20. Kf1
g6 21. e3 Ra8 22. a3 Bf8 23. h4 h5 24. Ke2 Rd8 25. Rd1 Be7 26. Be4 Nb6 27. Rc1
Nd5 28. Ra1 Ra8 29. Bf3 c5 30. Be5 Kb6 31. Rd1 Rd8 32. Rc1 Nf6 33. b3 Nd5 34. a4
Ra8 35. axb5 Ra2+ 36. Ke1 Nb4 37. Be2 Ra3 38. Rd1 Nd5 39. Bc4 Bf6 40. Bxf6 Nxf6
41. Rd6+ Kb7 42. Ra6 Rxa6 43. bxa6+ Kb6 44. Ke2 Ne4 45. Kf3 Nc3 46. Kf4 Nd1 47.
f3 Ka7 48. g4 e5+ 49. Kxe5 hxg4 50. fxg4 Nxe3 51. Kf4 Ng2+ 52. Kg3 Ne3 53. Bxf7
Kxa6 54. Bxg6 1-0

[Event "chess.com Speed 2021"]
[Site "chess.com INT"]
[Date "2021.12.02"]
[Round "2.36"]
[White "Rapport, Richard"]
[Black "Nihal, Sarin"]
[Result "1-0"]
[WhiteTitle "GM"]
[BlackTitle "GM"]
[WhiteElo "2763"]
[BlackElo "2650"]
[WhiteFideId "738590"]
[BlackFideId "25092340"]
[EventDate "2021.11.08"]
[EventType "k.o."]

1. e4 g6 2. d4 Bg7 3. Nc3 d6 4. Be3 Nc6 5. Qd2 e5 6. Nge2 exd4 7. Nxd4 Nf6 8. f3
O-O 9. O-O-O Re8 10. h4 h5 11. Bc4 Ne5 12. Bb3 a5 13. a3 Bd7 14. Bg5 b5 15. Qf4
c6 16. Ndxb5 cxb5 17. Rxd6 b4 18. Rxf6 Qc8 19. Rxf7 Nxf7 20. Qxf7+ Kh7 21. Nd5
Re6 22. Nf6+ Rxf6 23. Bxf6 Qf8 24. Qxg7+ Qxg7 25. Bxg7 Kxg7 26. axb4 axb4 27.
Rd1 Be8 28. Kd2 Kf6 29. Ke3 g5 30. hxg5+ Kxg5 31. g3 Kf6 32. Kf4 Rc8 33. Rd4 Rb8
34. e5+ Ke7 35. Kg5 Bc6 36. f4 Bf3 37. f5 Bg4 38. f6+ Kf8 39. e6 1-0

[Event "chess.com Speed 2021"]
[Site "chess.com INT"]
[Date "2021.12.02"]
[Round "2.37"]
[White "Nihal, Sarin"]
[Black "Rapport, Richard"]
[Result "1-0"]
[WhiteTitle "GM"]
[BlackTitle "GM"]
[WhiteElo "2650"]
[BlackElo "2763"]
[WhiteFideId "25092340"]
[BlackFideId "738590"]
[EventDate "2021.11.08"]
[EventType "k.o."]

1. Nf3 Nf6 2. g3 b6 3. Bg2 Bb7 4. O-O e6 5. c4 Be7 6. Nc3 O-O 7. b3 d5 8. cxd5
Nxd5 9. Bb2 Nd7 10. Rc1 a5 11. d4 Nxc3 12. Bxc3 Nf6 13. Ne5 Bxg2 14. Kxg2 Qd5+
15. f3 Qb7 16. e4 c5 17. dxc5 Bxc5 18. Qe2 Rac8 19. Nc4 Qa6 20. a4 Nd5 21. exd5
exd5 22. Qe5 1-0

[Event "chess.com Speed 2021"]
[Site "chess.com INT"]
[Date "2021.12.02"]
[Round "2.38"]
[White "Rapport, Richard"]
[Black "Nihal, Sarin"]
[Result "0-1"]
[WhiteTitle "GM"]
[BlackTitle "GM"]
[WhiteElo "2763"]
[BlackElo "2650"]
[WhiteFideId "738590"]
[BlackFideId "25092340"]
[EventDate "2021.11.08"]
[EventType "k.o."]

1. e4 e5 2. Qh5 Nc6 3. Bc4 g6 4. Qf3 Nf6 5. Ne2 Bg7 6. d3 h6 7. Nbc3 d6 8. h3
O-O 9. g4 Nh7 10. h4 Be6 11. h5 g5 12. Nd5 Ne7 13. Ne3 c6 14. Bb3 a5 15. c3 Bxb3
16. axb3 Qb6 17. Ra3 Nf6 18. Ng3 d5 19. O-O Qc7 20. Nef5 Nxf5 21. Nxf5 Qd7 22.
Kg2 Rfe8 23. Re1 Bf8 24. Ra4 b5 25. Ra1 Re6 26. Be3 c5 27. exd5 Nxd5 28. c4 Nb6
29. Qe4 a4 30. b4 Rc8 31. cxb5 Qxb5 32. bxc5 Bxc5 33. Rac1 Bxe3 34. Rxc8+ Nxc8
35. Rxe3 Nd6 36. Qa8+ Kh7 37. Qf8 Nxf5 38. gxf5 Qd5+ 39. f3 Rf6 40. Qb4 Rxf5 41.
Qe4 Qxe4 42. Rxe4 Rf4 43. Rxe5 Rb4 44. Ra5 Rxb2+ 45. Kg3 Rb4 46. Ra6 Kg7 47. Kg2
Rb2+ 48. Kg3 Ra2 49. d4 a3 50. d5 Ra1 51. Kg2 a2 52. d6 Kf6 53. d7+ Ke7 54. Ra7
Kd8 55. Kh2 f5 56. Kg2 f4 57. Ra4 Kxd7 58. Ra6 g4 0-1

[Event "chess.com Speed 2021"]
[Site "chess.com INT"]
[Date "2021.12.02"]
[Round "2.39"]
[White "Nihal, Sarin"]
[Black "Rapport, Richard"]
[Result "1-0"]
[WhiteTitle "GM"]
[BlackTitle "GM"]
[WhiteElo "2650"]
[BlackElo "2763"]
[WhiteFideId "25092340"]
[BlackFideId "738590"]
[EventDate "2021.11.08"]
[EventType "k.o."]

1. Nf3 g6 2. e4 Bg7 3. d4 d6 4. Bc4 Nf6 5. Qe2 Bg4 6. e5 dxe5 7. Bxf7+ Kf8 8.
Bb3 Bxf3 9. Qxf3 e4 10. Qe2 Nc6 11. c3 e5 12. dxe5 Nxe5 13. O-O Qd3 14. Re1 Qxe2
15. Rxe2 Ke7 16. Bg5 h6 17. Rxe4 hxg5 18. Rxe5+ Kd6 19. Rxg5 Rh6 20. Nd2 Rah8
21. Nf3 c6 22. Rd1+ Kc7 23. Re1 Bf8 24. Re6 1-0

[Event "chess.com Speed 2021"]
[Site "chess.com INT"]
[Date "2021.12.02"]
[Round "2.310"]
[White "Rapport, Richard"]
[Black "Nihal, Sarin"]
[Result "1/2-1/2"]
[WhiteTitle "GM"]
[BlackTitle "GM"]
[WhiteElo "2763"]
[BlackElo "2650"]
[WhiteFideId "738590"]
[BlackFideId "25092340"]
[EventDate "2021.11.08"]
[EventType "k.o."]

1. d4 Nf6 2. c4 e6 3. Nc3 Bb4 4. e3 O-O 5. Ne2 c6 6. a3 Ba5 7. Bd2 d5 8. cxd5
exd5 9. Nf4 Re8 10. Bd3 Bg4 11. Qc2 Bc7 12. h3 Be6 13. O-O-O Nbd7 14. g4 Nf8 15.
g5 Ne4 16. Nxe4 dxe4 17. Bxe4 Bxf4 18. exf4 Bd5 19. f3 Qb6 20. Bxd5 cxd5 21. Kb1
Qxd4 22. f5 Rac8 23. Bc3 Qc5 24. Qd3 Rcd8 25. Qd4 Qxd4 26. Bxd4 a6 27. Rh2 Nd7
28. Rhd2 Ne5 29. Rf2 Nc6 30. Rfd2 Ne5 31. Rf2 Nc6 32. f6 Re6 33. fxg7 Nxd4 34.
Rxd4 Kxg7 35. Rfd2 Re1+ 36. Ka2 Rh1 37. h4 Rh3 38. Rf4 Rd6 39. Rdd4 h6 40. Rf5
hxg5 41. hxg5 Kg6 42. Rdf4 Rd7 43. Kb3 Rg3 44. Rf6+ Kg7 45. R6f5 Kg6 46. Rf6+
Kg7 47. R6f5 Kg6 1/2-1/2

[Event "chess.com Speed 2021"]
[Site "chess.com INT"]
[Date "2021.12.06"]
[Round "2.11"]
[White "Ding, Liren"]
[Black "Aronian, Levon"]
[Result "1-0"]
[WhiteTitle "GM"]
[BlackTitle "GM"]
[WhiteElo "2799"]
[BlackElo "2782"]
[WhiteFideId "8603677"]
[BlackFideId "13300474"]
[EventDate "2021.11.08"]
[EventType "k.o."]

1. d4 d5 2. c4 dxc4 3. Nf3 Nf6 4. e3 e6 5. Bxc4 c5 6. O-O a6 7. Re1 Nc6 8. Nc3
b5 9. Bd3 Bb7 10. a4 b4 11. Ne4 Na5 12. Nxc5 Bxc5 13. dxc5 Nd7 14. c6 Nxc6 15.
b3 Qf6 16. Ra2 Nce5 17. Nxe5 Nxe5 18. Be2 O-O 19. Rd2 Rac8 20. f3 h5 21. e4 h4
22. h3 a5 23. Bb2 Qg5 24. Kh1 Ng6 25. Bf1 Nf4 26. Bd4 f5 27. exf5 Qxf5 28. Re5
Qg6 29. Rxa5 Nxh3 30. Ra7 Rf7 31. Rxb7 Rxb7 32. gxh3 Rd7 33. a5 1-0

[Event "chess.com Speed 2021"]
[Site "chess.com INT"]
[Date "2021.12.06"]
[Round "2.12"]
[White "Aronian, Levon"]
[Black "Ding, Liren"]
[Result "0-1"]
[WhiteTitle "GM"]
[BlackTitle "GM"]
[WhiteElo "2782"]
[BlackElo "2799"]
[WhiteFideId "13300474"]
[BlackFideId "8603677"]
[EventDate "2021.11.08"]
[EventType "k.o."]

1. e4 e5 2. Nf3 Nc6 3. Bb5 a6 4. Ba4 Nf6 5. O-O Be7 6. Re1 b5 7. Bb3 O-O 8. h3
Bb7 9. d3 d5 10. exd5 Nxd5 11. Nbd2 Qd7 12. Nf1 Rae8 13. Nxe5 Nxe5 14. Rxe5 Bf6
15. Rxe8 Rxe8 16. Ng3 c5 17. Ne4 Be7 18. c3 Bf8 19. Bc2 Qc6 20. Qf1 Nb6 21. f3
Nd5 22. Bd2 f5 23. Ng3 Qg6 24. Qf2 Bd6 25. Nf1 Nf4 26. Bxf4 Bxf4 27. Bb3+ Kh8
28. Kh1 Qd6 29. Re1 Rxe1 30. Qxe1 Bc6 31. Qe6 Qxe6 32. Bxe6 g6 33. Kg1 Bc1 34.
b3 Bb2 35. c4 Bd4+ 36. Kh2 Kg7 37. h4 Kf6 38. Bc8 a5 39. Ng3 Bf2 40. Kh3 Ke5 41.
Ne2 a4 42. f4+ Kd6 43. h5 b4 44. hxg6 hxg6 45. g4 Bf3 46. gxf5 Bxe2 47. fxg6 Bd4
48. Kh4 Bxd3 49. Kh5 a3 0-1

[Event "chess.com Speed 2021"]
[Site "chess.com INT"]
[Date "2021.12.06"]
[Round "2.13"]
[White "Ding, Liren"]
[Black "Aronian, Levon"]
[Result "1-0"]
[WhiteTitle "GM"]
[BlackTitle "GM"]
[WhiteElo "2799"]
[BlackElo "2782"]
[WhiteFideId "8603677"]
[BlackFideId "13300474"]
[EventDate "2021.11.08"]
[EventType "k.o."]

1. d4 d5 2. c4 dxc4 3. Nf3 Nf6 4. e3 e6 5. Bxc4 c5 6. O-O a6 7. Be2 Nbd7 8. b3
b6 9. Ne5 Bb7 10. Bf3 Qc7 11. Bb2 Rd8 12. Bxb7 Qxb7 13. Qe2 Nxe5 14. dxe5 Nd5
15. Nd2 Be7 16. Ne4 O-O 17. Rfd1 Rd7 18. Qg4 Rfd8 19. h4 h5 20. Qg3 g6 21. Nd6
Qc6 22. e4 Nc7 23. Qf4 Bf8 24. Rd3 Nb5 25. a4 Nd4 26. Bxd4 cxd4 27. Rc1 Qa8 28.
Rxd4 b5 29. a5 Qb8 30. Rc6 Qa8 31. Rc3 Bg7 32. Rcd3 Qa7 33. b4 Qc7 34. g3 Bf8
35. Kg2 Bg7 36. Rd1 Qc3 37. R1d3 Qc7 38. Rf3 Qc6 39. Rdd3 Rf8 40. Rc3 Qa8 41.
Rfd3 Qb8 42. Rc5 Qa7 43. Rdc3 Rdd8 44. Rc2 Qb8 45. Rc6 Rd7 46. Rxa6 Qc8 47. Rxc8 1-0

[Event "chess.com Speed 2021"]
[Site "chess.com INT"]
[Date "2021.12.06"]
[Round "2.14"]
[White "Aronian, Levon"]
[Black "Ding, Liren"]
[Result "1-0"]
[WhiteTitle "GM"]
[BlackTitle "GM"]
[WhiteElo "2782"]
[BlackElo "2799"]
[WhiteFideId "13300474"]
[BlackFideId "8603677"]
[EventDate "2021.11.08"]
[EventType "k.o."]

1. e4 e5 2. Nf3 Nc6 3. Bb5 a6 4. Ba4 Nf6 5. O-O Be7 6. Re1 b5 7. Bb3 O-O 8. h3
Bb7 9. d3 d6 10. a3 Qd7 11. Nc3 Rfe8 12. Ne2 Nd8 13. Ng3 Ne6 14. Ng5 Nxg5 15.
Bxg5 h6 16. Bd2 c5 17. Qf3 Bd8 18. Nf5 Kh7 19. Qg3 Rg8 20. c3 c4 21. Bc2 cxd3
22. Qxd3 Bb6 23. Be3 Bxe4 24. Qxe4 Nxe4 25. Bxe4 Bxe3 26. Nxe3+ g6 27. Bxa8 Rxa8
28. Rad1 Rc8 29. Rd2 Rc6 30. Red1 Kg7 31. Nd5 a5 32. Rd3 Qe6 33. Ne3 h5 34. Rd5
Rb6 35. h4 Qe7 36. g3 Qc7 37. R5d3 b4 38. Nd5 Qb7 39. Nxb6 Qxb6 40. Rxd6 Qc5 41.
R6d5 Qc4 42. Rxa5 bxc3 43. bxc3 Qxc3 44. Ra7 g5 45. Rdd7 gxh4 46. Rxf7+ Kg6 47.
Rg7+ Kf6 48. Raf7+ Ke6 49. gxh4 Qxa3 50. Kg2 Qa8+ 51. Rf3 Qe4 52. Kg3 Qe1 53.
Rg6+ Kd5 54. Kg2 Qe4 55. Rg5 Qxh4 56. Rff5 Qe4+ 57. Kh2 h4 58. Kh3 Kd4 59. Rg4 1-0

[Event "chess.com Speed 2021"]
[Site "chess.com INT"]
[Date "2021.12.06"]
[Round "2.15"]
[White "Ding, Liren"]
[Black "Aronian, Levon"]
[Result "1-0"]
[WhiteTitle "GM"]
[BlackTitle "GM"]
[WhiteElo "2799"]
[BlackElo "2782"]
[WhiteFideId "8603677"]
[BlackFideId "13300474"]
[EventDate "2021.11.08"]
[EventType "k.o."]

1. d4 d5 2. c4 dxc4 3. Nf3 Nf6 4. e3 e6 5. Bxc4 c5 6. O-O a6 7. Be2 Nbd7 8. b3
b6 9. Ne5 Bb7 10. Bf3 Qc7 11. Nxd7 Qxd7 12. Bb2 Rd8 13. Qe2 cxd4 14. Bxd4 b5 15.
a4 Bxf3 16. Qxf3 b4 17. Nd2 Qd5 18. Nc4 Qxf3 19. gxf3 Nd5 20. Rfc1 Be7 21. Na5
Bf6 22. Bxf6 gxf6 23. Rc6 Rg8+ 24. Kf1 Rg5 25. Rxa6 Rh5 26. Nc6 Rc8 27. Kg2 Kd7
28. Rc1 Rg5+ 29. Kh1 Nc3 30. Nxb4 1-0

[Event "chess.com Speed 2021"]
[Site "chess.com INT"]
[Date "2021.12.06"]
[Round "2.16"]
[White "Aronian, Levon"]
[Black "Ding, Liren"]
[Result "0-1"]
[WhiteTitle "GM"]
[BlackTitle "GM"]
[WhiteElo "2782"]
[BlackElo "2799"]
[WhiteFideId "13300474"]
[BlackFideId "8603677"]
[EventDate "2021.11.08"]
[EventType "k.o."]

1. e4 e5 2. Nf3 Nc6 3. Bb5 a6 4. Ba4 Nf6 5. O-O Be7 6. Re1 b5 7. Bb3 O-O 8. h3
Bb7 9. d3 d5 10. exd5 Nxd5 11. a4 Nd4 12. Nbd2 Nxb3 13. Nxb3 f6 14. Na5 Qc8 15.
c3 c5 16. Nh4 Rd8 17. Qf3 Bc6 18. Nf5 Bf8 19. Nxc6 Qxc6 20. Bd2 Rac8 21. axb5
axb5 22. Ra7 Rc7 23. Rea1 Rxa7 24. Rxa7 Rd7 25. Ra5 Qb6 26. c4 bxc4 27. dxc4 Ne7
28. Bc3 Nxf5 29. Qxf5 Qc6 30. Qg4 g6 31. h4 Kf7 32. h5 Qe6 33. Qh4 g5 34. Qe4 f5
35. Qe3 Be7 36. Bxe5 Qxc4 37. Ra1 Rd3 38. Qe2 Qd5 39. Re1 Rd2 40. Qe3 Rd1 41.
Bc3 Rxe1+ 42. Qxe1 Bd6 43. Qe2 g4 44. g3 c4 45. Qe3 Qe4 46. Qg5 Be7 47. Qg7+ Ke6
48. Qxh7 Bc5 49. Qg8+ Kd6 50. Qd8+ Ke6 51. Qe8+ Kd5 0-1

[Event "chess.com Speed 2021"]
[Site "chess.com INT"]
[Date "2021.12.06"]
[Round "2.17"]
[White "Ding, Liren"]
[Black "Aronian, Levon"]
[Result "0-1"]
[WhiteTitle "GM"]
[BlackTitle "GM"]
[WhiteElo "2799"]
[BlackElo "2782"]
[WhiteFideId "8603677"]
[BlackFideId "13300474"]
[EventDate "2021.11.08"]
[EventType "k.o."]

1. d4 Nf6 2. c4 c5 3. d5 g6 4. Nc3 Bg7 5. e4 d6 6. Bd3 O-O 7. h3 e5 8. Nge2 Nbd7
9. g4 a6 10. a4 b6 11. Ng3 Rb8 12. Be3 Ne8 13. h4 Bf6 14. g5 Be7 15. Be2 f5 16.
exf5 gxf5 17. f4 exf4 18. Bxf4 Ne5 19. Qd2 Bd7 20. h5 b5 21. axb5 axb5 22. cxb5
c4 23. g6 Bf6 24. Ra7 Nc7 25. Rg1 Nxb5 26. Nxf5 Bxf5 27. Rxh7 Nd3+ 28. Bxd3 Bxd3
29. Bh6 Nxc3 0-1

[Event "chess.com Speed 2021"]
[Site "chess.com INT"]
[Date "2021.12.06"]
[Round "2.18"]
[White "Aronian, Levon"]
[Black "Ding, Liren"]
[Result "0-1"]
[WhiteTitle "GM"]
[BlackTitle "GM"]
[WhiteElo "2782"]
[BlackElo "2799"]
[WhiteFideId "13300474"]
[BlackFideId "8603677"]
[EventDate "2021.11.08"]
[EventType "k.o."]

1. e4 e5 2. Nf3 Nc6 3. Bb5 a6 4. Ba4 Nf6 5. O-O Be7 6. Re1 b5 7. Bb3 O-O 8. h3
Bb7 9. d3 d5 10. exd5 Nxd5 11. a4 Nd4 12. Nbd2 Nxb3 13. Nxb3 f6 14. Na5 Qc8 15.
Nh4 Bb4 16. Bd2 Bxa5 17. Bxa5 b4 18. c3 Nf4 19. Kh2 g5 20. Nf3 g4 21. Nh4 gxh3
22. g3 Ng2 23. Rg1 Nxh4 24. gxh4+ Bg2 25. Qh5 bxc3 26. Bxc3 Rf7 27. Rae1 Rg7 28.
f4 Qd7 29. Qe2 Qf5 30. Qf2 Rd8 0-1

[Event "chess.com Speed 2021"]
[Site "chess.com INT"]
[Date "2021.12.06"]
[Round "2.19"]
[White "Ding, Liren"]
[Black "Aronian, Levon"]
[Result "0-1"]
[WhiteTitle "GM"]
[BlackTitle "GM"]
[WhiteElo "2799"]
[BlackElo "2782"]
[WhiteFideId "8603677"]
[BlackFideId "13300474"]
[EventDate "2021.11.08"]
[EventType "k.o."]

1. d4 Nf6 2. c4 c5 3. d5 g6 4. Nc3 Bg7 5. e4 d6 6. Bd3 O-O 7. h3 e5 8. Nge2 Nbd7
9. g4 a6 10. a4 b6 11. Ng3 Rb8 12. Be3 Ne8 13. h4 Bf6 14. g5 Be7 15. Qd2 f6 16.
O-O-O Rf7 17. Nf5 gxf5 18. exf5 Nf8 19. g6 hxg6 20. fxg6 Rg7 21. h5 f5 22. Rdg1
Bf6 23. Bh6 e4 24. Bxe4 fxe4 25. Nxe4 Rbb7 26. f4 b5 27. Bxg7 Rxg7 28. Ng5 bxc4
29. h6 Rxg6 30. h7+ Nxh7 31. Nxh7 Rxg1+ 32. Rxg1+ Bg7 33. Ng5 Qf6 34. Ne4 Qf5
35. Ng3 Qf7 36. Ne4 Bf5 37. Ng5 Qb7 38. Ne6 Qb3 39. Qc3 Qxc3+ 40. bxc3 Kf7 41.
Nxg7 Nxg7 42. Kd2 Ne8 43. Rg5 Bd7 44. Ke3 Nf6 45. a5 Ba4 0-1

[Event "chess.com Speed 2021"]
[Site "chess.com INT"]
[Date "2021.12.06"]
[Round "2.21"]
[White "Aronian, Levon"]
[Black "Ding, Liren"]
[Result "1-0"]
[WhiteTitle "GM"]
[BlackTitle "GM"]
[WhiteElo "2782"]
[BlackElo "2799"]
[WhiteFideId "13300474"]
[BlackFideId "8603677"]
[EventDate "2021.11.08"]
[EventType "k.o."]

1. e4 e5 2. Nf3 Nc6 3. Bb5 a6 4. Ba4 Nf6 5. O-O Be7 6. Re1 b5 7. Bb3 O-O 8. h3
Bb7 9. d3 d5 10. exd5 Nxd5 11. a4 Nd4 12. Nbd2 Nxb3 13. Nxb3 f6 14. Na5 Qc8 15.
Bd2 c5 16. Qe2 Rd8 17. Qe4 Bc6 18. Nxc6 Qxc6 19. h4 Bf8 20. h5 Ne7 21. Qg4 b4
22. Be3 Rac8 23. Nd2 Nd5 24. Nc4 Qd7 25. Qf3 Re8 26. Bd2 Rcd8 27. Re4 Re6 28.
Rg4 Ne7 29. Be3 Nc6 30. b3 Qd5 31. Qh3 Nd4 32. Bxd4 cxd4 33. Re1 Rde8 34. Rge4
R6e7 35. g4 Re6 36. Qf3 g6 37. Qh3 Bg7 38. Kg2 Kf7 39. Qf3 Kg8 40. Qh3 Rf8 41.
f3 f5 42. R4e2 fxg4 43. Qxg4 Rf4 44. Qh3 gxh5 45. Re4 Rg6+ 46. Kf2 Qf7 47. Nxe5
Bxe5 48. Rxe5 Rgf6 49. Rg5+ Rg6 50. Rxh5 Rxf3+ 51. Qxf3 Rf6 52. Rh3 Rxf3+ 53.
Rxf3 1-0